[Event "Irena Warakomska Memorial B"]
[Site "chessmanager.com"]
[Date "2018.08.05"]
[Round "6"]
[White "Shamatava, Nikolozi"]
[Black "Zianowicz, Dominik"]
[Result "1-0"]
[Board "3"]
[WhiteElo "1589"]
[WhiteCountry "GEO"]
[WhiteFideId "13619950"]
[WhiteEloChange "17"]
[BlackElo "1919"]
[BlackCountry "POL"]
[BlackFideId "21825645"]
[BlackEloChange "-17"]

1. d4 {[%clk 1:30:30]} d5 {[%clk 1:30:49]} 2. c4 {[%clk 1:30:54]} e6 {[%clk
1:31:14]} 3. Nf3 {[%clk 1:31:14]} Be7 {[%clk 1:31:19]} 4. g3 {[%clk 1:31:28]} Nf6
{[%clk 1:31:23]} 5. Bg2 {[%clk 1:31:28]} O-O {[%clk 1:31:38]} 6. O-O {[%clk
1:31:48]} dxc4 {[%clk 1:29:55]} 7. Qc2 {[%clk 1:29:40]} c6 {[%clk 1:27:16]} 8.
Qxc4 {[%clk 1:29:19]} Nbd7 {[%clk 1:26:49]} 9. Qc2 {[%clk 1:27:46]} Qc7 {[%clk
1:26:43]} 10. Nc3 {[%clk 1:25:53]} a6 {[%clk 1:20:35]} 11. Bf4 {[%clk 1:23:14]}
Bd6 {[%clk 1:20:50]} 12. Bxd6 {[%clk 1:18:53]} Qxd6 {[%clk 1:21:04]} 13. Na4
{[%clk 1:16:09]} Re8 {[%clk 1:12:34]} 14. Rfd1 {[%clk 1:14:46]} Qc7 {[%clk
1:12:08]} 15. Rac1 {[%clk 1:07:57]} e5 {[%clk 1:04:04]} 16. d5 {[%clk 1:02:14]}
Nb8 {[%clk 0:57:41]} 17. Nd2 {[%clk 0:48:16]} b5 {[%clk 0:47:58]} 18. Nc3 {[%clk
0:43:07]} Bb7 {[%clk 0:30:28]} 19. Nde4 {[%clk 0:40:50]} Nfd7 {[%clk 0:15:07]}
20. Nd6 {[%clk 0:34:58]} Qxd6 {[%clk 0:13:19]} 21. dxc6 {[%clk 0:35:23]} Qc7
{[%clk 0:11:46]} 22. cxb7 {[%clk 0:35:22]} Ra7 {[%clk 0:12:06]} 23. Ne4 {[%clk
0:32:28]} Qxc2 {[%clk 0:10:29]} 24. Rxc2 {[%clk 0:32:53]} a5 {[%clk 0:08:35]} 25.
Nd6 {[%clk 0:32:37]} Rf8 {[%clk 0:08:55]} 26. Bd5 {[%clk 0:32:47]} Nb6 {[%clk
0:08:19]} 27. Rc8 {[%clk 0:29:32]} Nxd5 {[%clk 0:05:34]} 28. Rxd5 {[%clk
0:29:57]} Ra6 {[%clk 0:03:41]} 29. Nf5 {[%clk 0:30:01]} Re6 {[%clk 0:03:56]} 30.
Rdd8 {[%clk 0:30:26]} Nd7 {[%clk 0:03:04]} 31. Rxf8+ {[%clk 0:30:45]} Nxf8 {[%clk
0:03:28]} 32. b8Q {[%clk 0:31:00]} h6 {[%clk 0:03:48]} 33. Rxf8+ {[%clk 0:31:20]}
Kh7 {[%clk 0:04:08]} 34. Nh4 {[%clk 0:31:45]} g5 {[%clk 0:04:28]} 35. Rh8+ {[%clk
0:32:04]} Kg7 {[%clk 0:04:28]} 36. Qf8+ {[%clk 0:32:24]} Kf6 {[%clk 0:04:52]} 37.
Rxh6# {[%clk 0:32:49]} 1-0

[Event "Irena Warakomska Memorial B"]
[Site "chessmanager.com"]
[Date "2018.08.05"]
[Round "6"]
[White "Hrymowicz, Artur"]
[Black "Salah, Nadezhda"]
[Result "1-0"]
[Board "6"]
[WhiteElo "2123"]
[WhiteCountry "POL"]
[WhiteFideId "1194240"]
[WhiteEloChange "8"]
[BlackElo "2059"]
[BlackCountry "UKR"]
[BlackFideId "14139758"]
[BlackEloChange "-8"]

1. e4 {[%clk 1:30:30]} e6 {[%clk 1:30:30]} 2. d4 {[%clk 1:30:30]} d5 {[%clk
1:30:30]} 3. Nd2 {[%clk 1:30:30]} h6 {[%clk 1:30:30]} 4. Bd3 {[%clk 1:30:30]} c5
{[%clk 1:30:30]} 5. dxc5 {[%clk 1:30:30]} Bxc5 {[%clk 1:30:30]} 6. exd5 {[%clk
1:30:30]} exd5 {[%clk 1:30:30]} 7. Ngf3 {[%clk 1:30:30]} Ne7 {[%clk 1:30:30]} 8.
O-O {[%clk 1:30:30]} O-O {[%clk 1:30:30]} 9. h3 {[%clk 1:30:30]} Nbc6 {[%clk
1:30:30]} 10. Nb3 {[%clk 1:30:30]} Bb6 {[%clk 1:30:30]} 11. Re1 {[%clk 1:30:30]}
Qd6 {[%clk 1:30:30]} 12. c3 {[%clk 1:30:30]} Re8 {[%clk 1:30:30]} 13. Be3 {[%clk
1:30:30]} Bc7 {[%clk 1:30:30]} 14. Bc5 {[%clk 1:30:30]} Qf6 {[%clk 1:30:30]} 15.
Nbd4 {[%clk 1:30:30]} Bd7 {[%clk 1:30:30]} 16. Qb3 {[%clk 1:30:30]} Na5 {[%clk
1:30:30]} 17. Qc2 {[%clk 1:30:30]} Nc4 {[%clk 1:30:30]} 18. Bxc4 {[%clk 1:30:30]}
dxc4 {[%clk 1:30:30]} 19. Qe2 {[%clk 1:30:30]} Ng6 {[%clk 1:30:30]} 20. Qxc4
{[%clk 1:30:30]} Rxe1+ {[%clk 1:30:30]} 21. Rxe1 {[%clk 1:30:30]} Nf4 {[%clk
1:30:30]} 22. Be7 {[%clk 1:30:30]} Qg6 {[%clk 1:30:30]} 23. Nh4 {[%clk 1:30:30]}
Qb6 {[%clk 1:30:30]} 24. Nhf5 {[%clk 1:30:30]} Re8 {[%clk 1:30:30]} 25. Bc5
{[%clk 1:30:30]} Nxh3+ {[%clk 1:30:30]} 26. Kf1 {[%clk 1:30:30]} Qf6 {[%clk
1:30:30]} 27. Ne7+ {[%clk 1:30:30]} Kh8 {[%clk 1:30:30]} 28. gxh3 {[%clk
1:30:30]} Bg3 {[%clk 1:30:30]} 29. Re2 {[%clk 1:30:30]} Bxh3+ {[%clk 1:30:30]}
30. Ke1 {[%clk 1:30:30]} Qg5 {[%clk 1:30:30]} 31. fxg3 {[%clk 1:30:30]} 1-0

[Event "Irena Warakomska Memorial B"]
[Site "chessmanager.com"]
[Date "2018.08.05"]
[Round "6"]
[White "Rudzinska, Michalina"]
[Black "Krasiewicz, Robert"]
[Result "0-1"]
[Board "7"]
[WhiteElo "2111"]
[WhiteCountry "POL"]
[WhiteFideId "1172883"]
[WhiteEloChange "-13"]
[BlackElo "1990"]
[BlackCountry "POL"]
[BlackFideId "1128612"]
[BlackEloChange "13"]

1. e4 {[%clk 1:30:30]} g6 {[%clk 1:30:30]} 2. d4 {[%clk 1:30:30]} Bg7 {[%clk
1:30:30]} 3. Nc3 {[%clk 1:30:30]} d6 {[%clk 1:30:30]} 4. Be3 {[%clk 1:30:30]} a6
{[%clk 1:30:30]} 5. Qd2 {[%clk 1:30:30]} b5 {[%clk 1:30:30]} 6. f3 {[%clk
1:30:30]} Nd7 {[%clk 1:30:30]} 7. a4 {[%clk 1:30:30]} b4 {[%clk 1:30:30]} 8. Nd5
{[%clk 1:30:30]} a5 {[%clk 1:30:30]} 9. Bc4 {[%clk 1:30:30]} c6 {[%clk 1:30:30]}
10. Nf4 {[%clk 1:30:30]} Nb6 {[%clk 1:30:30]} 11. Bb3 {[%clk 1:30:30]} Ba6 {[%clk
1:30:30]} 12. Nge2 {[%clk 1:30:30]} Bc4 {[%clk 1:30:30]} 13. O-O {[%clk 1:30:30]}
Nf6 {[%clk 1:30:30]} 14. Rad1 {[%clk 1:30:30]} O-O {[%clk 1:30:30]} 15. g4 {[%clk
1:30:30]} Qc7 {[%clk 1:30:30]} 16. Nd3 {[%clk 1:30:30]} Rfe8 {[%clk 1:30:30]} 17.
Kg2 {[%clk 1:30:30]} Rad8 {[%clk 1:30:30]} 18. Qe1 {[%clk 1:30:30]} Nfd7 {[%clk
1:30:30]} 19. h4 {[%clk 1:30:30]} c5 {[%clk 1:30:30]} 20. dxc5 {[%clk 1:30:30]}
Nxc5 {[%clk 1:30:30]} 21. Qf2 {[%clk 1:30:30]} Bxb3 {[%clk 1:30:30]} 22. cxb3
{[%clk 1:30:30]} Nxd3 {[%clk 1:30:30]} 23. Rxd3 {[%clk 1:30:30]} Nd7 {[%clk
1:30:30]} 24. Rc1 {[%clk 1:30:30]} Qb7 {[%clk 1:30:30]} 25. Rd5 {[%clk 1:30:30]}
Rc8 {[%clk 1:30:30]} 26. Rxa5 {[%clk 1:30:30]} Ne5 {[%clk 1:30:30]} 27. Rb5
{[%clk 1:30:30]} Qd7 {[%clk 1:30:30]} 28. Nf4 {[%clk 1:30:30]} Rxc1 {[%clk
1:30:30]} 29. Bxc1 {[%clk 1:30:30]} Rc8 {[%clk 1:30:30]} 30. Be3 {[%clk 1:30:30]}
h6 {[%clk 1:30:30]} 31. Qe2 {[%clk 1:30:30]} Bf6 {[%clk 1:30:30]} 32. Nd5 {[%clk
1:30:30]} Qe6 {[%clk 1:30:30]} 33. Nxf6+ {[%clk 1:30:30]} Qxf6 {[%clk 1:30:30]}
34. Bd4 {[%clk 1:30:30]} Qxh4 {[%clk 1:30:30]} 35. Bxe5 {[%clk 1:30:30]} dxe5
{[%clk 1:30:30]} 36. a5 {[%clk 1:30:30]} Rc1 {[%clk 1:30:30]} 37. f4 {[%clk
1:30:30]} Qh1+ {[%clk 1:30:30]} 38. Kg3 {[%clk 1:30:30]} Rg1+ {[%clk 1:30:30]}
39. Kf2 {[%clk 1:30:30]} Rg2+ {[%clk 1:30:30]} 40. Ke3 {[%clk 1:30:30]} exf4+
{[%clk 1:30:30]} 41. Kd3 {[%clk 1:30:30]} Qb1+ {[%clk 1:30:30]} 0-1

[Event "Irena Warakomska Memorial B"]
[Site "chessmanager.com"]
[Date "2018.08.05"]
[Round "6"]
[White "Litner, Igor"]
[Black "Bury, Gleb M"]
[Result "0-1"]
[Board "8"]
[WhiteElo "1929"]
[WhiteCountry "POL"]
[WhiteFideId "1163078"]
[WhiteEloChange "-10"]
[BlackElo "1942"]
[BlackCountry "BLR"]
[BlackFideId "13519131"]
[BlackEloChange "10"]

1. d4 {[%clk 1:30:30]} Nf6 {[%clk 1:30:30]} 2. Nf3 {[%clk 1:30:30]} g6 {[%clk
1:30:30]} 3. Bf4 {[%clk 1:30:30]} d6 {[%clk 1:30:30]} 4. e3 {[%clk 1:30:30]} Nh5
{[%clk 1:30:30]} 5. Bg3 {[%clk 1:30:30]} Nxg3 {[%clk 1:30:30]} 6. hxg3 {[%clk
1:30:30]} Bg7 {[%clk 1:30:30]} 7. Bd3 {[%clk 1:30:30]} c5 {[%clk 1:30:30]} 8. c3
{[%clk 1:30:30]} cxd4 {[%clk 1:30:30]} 9. cxd4 {[%clk 1:30:30]} O-O {[%clk
1:30:30]} 10. Nc3 {[%clk 1:30:30]} e5 {[%clk 1:30:30]} 11. O-O {[%clk 1:30:30]}
Nc6 {[%clk 1:30:30]} 12. Bb5 {[%clk 1:30:30]} exd4 {[%clk 1:30:30]} 13. exd4
{[%clk 1:30:30]} Bg4 {[%clk 1:30:30]} 14. Bxc6 {[%clk 1:30:30]} bxc6 {[%clk
1:30:30]} 15. d5 {[%clk 1:30:30]} c5 {[%clk 1:30:30]} 16. Qa4 {[%clk 1:30:30]} h5
{[%clk 1:30:30]} 17. Nd2 {[%clk 1:30:30]} Rb8 {[%clk 1:30:30]} 18. Nc4 {[%clk
1:30:30]} Rb4 {[%clk 1:30:30]} 19. Qa6 {[%clk 1:30:30]} Bc8 {[%clk 1:30:30]} 0-1

[Event "Irena Warakomska Memorial B"]
[Site "chessmanager.com"]
[Date "2018.08.05"]
[Round "6"]
[White "Bien, Janusz"]
[Black "Kindler, Przemyslaw"]
[Result "0-1"]
[Board "9"]
[WhiteElo "1976"]
[WhiteCountry "POL"]
[WhiteFideId "1137921"]
[WhiteEloChange "-7"]
[BlackElo "2070"]
[BlackCountry "POL"]
[BlackFideId "1159542"]
[BlackEloChange "7"]

1. e4 {[%clk 1:30:30]} d6 {[%clk 1:30:30]} 2. d4 {[%clk 1:30:30]} Nf6 {[%clk
1:30:30]} 3. f3 {[%clk 1:30:30]} Nbd7 {[%clk 1:30:30]} 4. Be3 {[%clk 1:30:30]} e5
{[%clk 1:30:30]} 5. d5 {[%clk 1:30:30]} c6 {[%clk 1:30:30]} 6. c4 {[%clk
1:30:30]} Be7 {[%clk 1:30:30]} 7. Bd3 {[%clk 1:30:30]} h5 {[%clk 1:30:30]} 8. Nc3
{[%clk 1:30:30]} a6 {[%clk 1:30:30]} 9. Nge2 {[%clk 1:30:30]} h4 {[%clk 1:30:30]}
10. Qd2 {[%clk 1:30:30]} c5 {[%clk 1:30:30]} 11. O-O-O {[%clk 1:30:30]} Nf8
{[%clk 1:30:30]} 12. Kb1 {[%clk 1:30:30]} Bd7 {[%clk 1:30:30]} 13. f4 {[%clk
1:30:30]} Ng4 {[%clk 1:30:30]} 14. Bg1 {[%clk 1:30:30]} exf4 {[%clk 1:30:30]} 15.
Nxf4 {[%clk 1:30:30]} g5 {[%clk 1:30:30]} 16. e5 {[%clk 1:30:30]} Nxe5 {[%clk
1:30:30]} 17. Nh3 {[%clk 1:30:30]} Bg4 {[%clk 1:30:30]} 18. Re1 {[%clk 1:30:30]}
Nfd7 {[%clk 1:30:30]} 19. Nf2 {[%clk 1:30:30]} Bh5 {[%clk 1:30:30]} 20. h3 {[%clk
1:30:30]} Qc7 {[%clk 1:30:30]} 21. Nfe4 {[%clk 1:30:30]} O-O-O {[%clk 1:30:30]}
22. Be3 {[%clk 1:30:30]} Rdg8 {[%clk 1:30:30]} 23. Rhf1 {[%clk 1:30:30]} Nxd3
{[%clk 1:30:30]} 24. Qxd3 {[%clk 1:30:30]} Ne5 {[%clk 1:30:30]} 25. Qc2 {[%clk
1:30:30]} Bg6 {[%clk 1:30:30]} 26. b3 {[%clk 1:30:30]} f5 {[%clk 1:30:30]} 27.
Nxc5 {[%clk 1:30:30]} dxc5 {[%clk 1:30:30]} 28. Bd2 {[%clk 1:30:30]} f4 {[%clk
1:30:30]} 29. Ne4 {[%clk 1:30:30]} Re8 {[%clk 1:30:30]} 30. Bc3 {[%clk 1:30:30]}
Rhf8 {[%clk 1:30:30]} 31. Rd1 {[%clk 1:30:30]} Bd6 {[%clk 1:30:30]} 32. Rde1
{[%clk 1:30:30]} Kb8 {[%clk 1:30:30]} 33. Kb2 {[%clk 1:30:30]} Qh7 {[%clk
1:30:30]} 0-1

[Event "Irena Warakomska Memorial B"]
[Site "chessmanager.com"]
[Date "2018.08.05"]
[Round "6"]
[White "Grabowski, Adam"]
[Black "Milanowski, Jan"]
[Result "0-1"]
[Board "10"]
[WhiteElo "2066"]
[WhiteCountry "POL"]
[WhiteFideId "1142143"]
[WhiteEloChange "-17"]
[BlackElo "1784"]
[BlackCountry "POL"]
[BlackFideId "1109758"]
[BlackEloChange "17"]

1. d4 {[%clk 1:30:30]} d6 {[%clk 1:30:30]} 2. e4 {[%clk 1:30:30]} Nf6 {[%clk
1:30:30]} 3. Nc3 {[%clk 1:30:30]} c6 {[%clk 1:30:30]} 4. f4 {[%clk 1:30:30]} Qa5
{[%clk 1:30:30]} 5. Bd2 {[%clk 1:30:30]} Qc7 {[%clk 1:30:30]} 6. Nf3 {[%clk
1:30:30]} Nbd7 {[%clk 1:30:30]} 7. Bd3 {[%clk 1:30:30]} e5 {[%clk 1:30:30]} 8.
Qe2 {[%clk 1:30:30]} Be7 {[%clk 1:30:30]} 9. h3 {[%clk 1:30:30]} Nh5 {[%clk
1:30:30]} 10. Qf2 {[%clk 1:30:30]} Nxf4 {[%clk 1:30:30]} 11. Bxf4 {[%clk
1:30:30]} exf4 {[%clk 1:30:30]} 12. Nh4 {[%clk 1:30:30]} g6 {[%clk 1:30:30]} 13.
Rf1 {[%clk 1:30:30]} Qd8 {[%clk 1:30:30]} 14. Nf3 {[%clk 1:30:30]} Nb6 {[%clk
1:30:30]} 15. O-O-O {[%clk 1:30:30]} Bd7 {[%clk 1:30:30]} 16. Nd2 {[%clk
1:30:30]} O-O {[%clk 1:30:30]} 17. Qxf4 {[%clk 1:30:30]} a6 {[%clk 1:30:30]} 18.
Kb1 {[%clk 1:30:30]} Be6 {[%clk 1:30:30]} 19. Nf3 {[%clk 1:30:30]} Bc4 {[%clk
1:30:30]} 20. h4 {[%clk 1:30:30]} Bxd3 {[%clk 1:30:30]} 21. Rxd3 {[%clk 1:30:30]}
f6 {[%clk 1:30:30]} 22. Nd2 {[%clk 1:30:30]} Qd7 {[%clk 1:30:30]} 23. Rg3 {[%clk
1:30:30]} Rae8 {[%clk 1:30:30]} 24. h5 {[%clk 1:30:30]} g5 {[%clk 1:30:30]} 25.
Qf5 {[%clk 1:30:30]} Qxf5 {[%clk 1:30:30]} 26. Rxf5 {[%clk 1:30:30]} Bd8 {[%clk
1:30:30]} 27. a3 {[%clk 1:30:30]} Re6 {[%clk 1:30:30]} 28. Rgf3 {[%clk 1:30:30]}
Rfe8 {[%clk 1:30:30]} 29. b3 {[%clk 1:30:30]} Kg7 {[%clk 1:30:30]} 30. Nf1 {[%clk
1:30:30]} Nc8 {[%clk 1:30:30]} 31. Nh2 {[%clk 1:30:30]} Ne7 {[%clk 1:30:30]} 32.
h6+ {[%clk 1:30:30]} Kg6 {[%clk 1:30:30]} 33. Ng4 {[%clk 1:30:30]} Ng8 {[%clk
1:30:30]} 34. Rh3 {[%clk 1:30:30]} d5 {[%clk 1:30:30]} 35. Rf1 {[%clk 1:30:30]}
dxe4 {[%clk 1:30:30]} 36. Re3 {[%clk 1:30:30]} Bc7 {[%clk 1:30:30]} 37. d5 {[%clk
1:30:30]} R6e7 {[%clk 1:30:30]} 38. Rd1 {[%clk 1:30:30]} Bd6 {[%clk 1:30:30]} 39.
g3 {[%clk 1:30:30]} c5 {[%clk 1:30:30]} 40. Nf2 {[%clk 1:30:30]} f5 {[%clk
1:30:30]} 41. g4 {[%clk 1:30:30]} fxg4 {[%clk 1:30:30]} 42. Rxe4 {[%clk 1:30:30]}
Nxh6 {[%clk 1:30:30]} 43. Rxe7 {[%clk 1:30:30]} Rxe7 {[%clk 1:30:30]} 44. Nfe4
{[%clk 1:30:30]} Nf5 {[%clk 1:30:30]} 45. Rf1 {[%clk 1:30:30]} g3 {[%clk
1:30:30]} 46. Rg1 {[%clk 1:30:30]} Bf4 {[%clk 1:30:30]} 0-1

[Event "Irena Warakomska Memorial B"]
[Site "chessmanager.com"]
[Date "2018.08.05"]
[Round "6"]
[White "Barchuk, Irina"]
[Black "Piekielny, Pawel"]
[Result "1/2-1/2"]
[Board "11"]
[WhiteElo "2039"]
[WhiteCountry "UKR"]
[WhiteFideId "14119005"]
[WhiteEloChange "-3"]
[BlackElo "1918"]
[BlackCountry "POL"]
[BlackFideId "21838828"]
[BlackEloChange "3"]

1. e4 {[%clk 1:30:30]} e6 {[%clk 1:30:30]} 2. d4 {[%clk 1:30:30]} d5 {[%clk
1:30:30]} 3. Nc3 {[%clk 1:30:30]} Nf6 {[%clk 1:30:30]} 4. e5 {[%clk 1:30:30]}
Nfd7 {[%clk 1:30:30]} 5. f4 {[%clk 1:30:30]} c5 {[%clk 1:30:30]} 6. Nf3 {[%clk
1:30:30]} Qb6 {[%clk 1:30:30]} 7. Be3 {[%clk 1:30:30]} a6 {[%clk 1:30:30]} 8. Na4
{[%clk 1:30:30]} Qa5+ {[%clk 1:30:30]} 9. c3 {[%clk 1:30:30]} cxd4 {[%clk
1:30:30]} 10. b4 {[%clk 1:30:30]} Qc7 {[%clk 1:30:30]} 11. Bxd4 {[%clk 1:30:30]}
Nc6 {[%clk 1:30:30]} 12. a3 {[%clk 1:30:30]} Be7 {[%clk 1:30:30]} 13. Bd3 {[%clk
1:30:30]} b5 {[%clk 1:30:30]} 14. Nb2 {[%clk 1:30:30]} Nxd4 {[%clk 1:30:30]} 15.
cxd4 {[%clk 1:30:30]} Nb6 {[%clk 1:30:30]} 16. O-O {[%clk 1:30:30]} Nc4 {[%clk
1:30:30]} 17. Qb3 {[%clk 1:30:30]} Bd7 {[%clk 1:30:30]} 18. Bc2 {[%clk 1:30:30]}
O-O {[%clk 1:30:30]} 19. Nd3 {[%clk 1:30:30]} a5 {[%clk 1:30:30]} 20. Nc5 {[%clk
1:30:30]} Ra7 {[%clk 1:30:30]} 21. Qd3 {[%clk 1:30:30]} g6 {[%clk 1:30:30]} 22.
h4 {[%clk 1:30:30]} Rfa8 {[%clk 1:30:30]} 23. Rab1 {[%clk 1:30:30]} Be8 {[%clk
1:30:30]} 24. h5 {[%clk 1:30:30]} axb4 {[%clk 1:30:30]} 25. axb4 {[%clk 1:30:30]}
Na3 {[%clk 1:30:30]} 26. Rbc1 {[%clk 1:30:30]} Nxc2 {[%clk 1:30:30]} 27. Rxc2
{[%clk 1:30:30]} Ra2 {[%clk 1:30:30]} 28. hxg6 {[%clk 1:30:30]} hxg6 {[%clk
1:30:30]} 29. Nd2 {[%clk 1:30:30]} Rxc2 {[%clk 1:30:30]} 30. Qxc2 {[%clk
1:30:30]} Qa7 {[%clk 1:30:30]} 31. Ndb3 {[%clk 1:30:30]} Qa2 {[%clk 1:30:30]} 32.
Qd3 {[%clk 1:30:30]} Bxc5 {[%clk 1:30:30]} 33. dxc5 {[%clk 1:30:30]} Ra4 {[%clk
1:30:30]} 34. Ra1 {[%clk 1:30:30]} Qb2 {[%clk 1:30:30]} 35. Rb1 {[%clk 1:30:30]}
Qa2 {[%clk 1:30:30]} 36. Nd4 {[%clk 1:30:30]} Qc4 {[%clk 1:30:30]} 37. Qxc4
{[%clk 1:30:30]} dxc4 {[%clk 1:30:30]} 38. c6 {[%clk 1:30:30]} Ra8 {[%clk
1:30:30]} 39. Kf2 {[%clk 1:30:30]} Kf8 {[%clk 1:30:30]} 40. g3 {[%clk 1:30:30]}
Ke7 {[%clk 1:30:30]} 41. Nxb5 {[%clk 1:30:30]} Bxc6 {[%clk 1:30:30]} 42. Nd4
{[%clk 1:30:30]} Ra2+ {[%clk 1:30:30]} 43. Ne2 {[%clk 1:30:30]} Be4 {[%clk
1:30:30]} 44. Re1 {[%clk 1:30:30]} Rb2 {[%clk 1:30:30]} 45. Ke3 {[%clk 1:30:30]}
Bd5 {[%clk 1:30:30]} 46. Kd4 {[%clk 1:30:30]} Rxb4 {[%clk 1:30:30]} 47. Nc3
{[%clk 1:30:30]} Rb2 {[%clk 1:30:30]} 48. Nxd5+ {[%clk 1:30:30]} exd5 {[%clk
1:30:30]} 49. Kxd5 {[%clk 1:30:30]} c3 {[%clk 1:30:30]} 50. Rc1 {[%clk 1:30:30]}
Rd2+ {[%clk 1:30:30]} 51. Kc4 {[%clk 1:30:30]} c2 {[%clk 1:30:30]} 52. Kc3 {[%clk
1:30:30]} Rg2 {[%clk 1:30:30]} 53. Rxc2 {[%clk 1:30:30]} Rxg3+ $11 {[%clk
1:30:30]} 54. Kd4 {[%clk 1:30:30]} Ke6 {[%clk 1:30:30]} 55. Rc6+ {[%clk 1:30:30]}
Ke7 {[%clk 1:30:30]} 56. Kd5 {[%clk 1:30:30]} Rd3+ {[%clk 1:30:30]} 57. Ke4
{[%clk 1:30:30]} Rg3 {[%clk 1:30:30]} 58. Rb6 {[%clk 1:30:30]} Rc3 {[%clk
1:30:30]} 59. Rd6 {[%clk 1:30:30]} Rc4+ {[%clk 1:30:30]} 60. Kf3 {[%clk 1:30:30]}
Ra4 {[%clk 1:30:30]} 61. Kg4 {[%clk 1:30:30]} Ra1 {[%clk 1:30:30]} 62. Kg5 {[%clk
1:30:30]} Rh1 {[%clk 1:30:30]} 63. Rd3 {[%clk 1:30:30]} Rh5+ {[%clk 1:30:30]} 64.
Kg4 {[%clk 1:30:30]} Ke6 {[%clk 1:30:30]} 65. Ra3 {[%clk 1:30:30]} Rf5 {[%clk
1:30:30]} 66. Ra6+ {[%clk 1:30:30]} Ke7 {[%clk 1:30:30]} 67. Ra7+ {[%clk
1:30:30]} Ke6 {[%clk 1:30:30]} 68. Ra6+ {[%clk 1:30:30]} Ke7 {[%clk 1:30:30]} 69.
Ra7+ {[%clk 1:30:30]} Ke6 {[%clk 1:30:30]} 1/2-1/2

[Event "Irena Warakomska Memorial B"]
[Site "chessmanager.com"]
[Date "2018.08.05"]
[Round "6"]
[White "Flis, Pawel"]
[Black "Zurkowski, Andrzej"]
[Result "1/2-1/2"]
[Board "12"]
[WhiteElo "1934"]
[WhiteCountry "POL"]
[WhiteFideId "1112864"]
[WhiteEloChange "4"]
[BlackElo "2089"]
[BlackCountry "POL"]
[BlackFideId "1131303"]
[BlackEloChange "-4"]

1. e4 {[%clk 1:30:30]} Nf6 {[%clk 1:30:30]} 2. e5 {[%clk 1:30:30]} Nd5 {[%clk
1:30:30]} 3. d4 {[%clk 1:30:30]} d6 {[%clk 1:30:30]} 4. c4 {[%clk 1:30:30]} Nb6
{[%clk 1:30:30]} 5. exd6 {[%clk 1:30:30]} cxd6 {[%clk 1:30:30]} 6. Nc3 {[%clk
1:30:30]} g6 {[%clk 1:30:30]} 7. Be3 {[%clk 1:30:30]} Bg7 {[%clk 1:30:30]} 8. Rc1
{[%clk 1:30:30]} O-O {[%clk 1:30:30]} 9. h3 {[%clk 1:30:30]} e5 {[%clk 1:30:30]}
10. Nf3 {[%clk 1:30:30]} Be6 {[%clk 1:30:30]} 11. b3 {[%clk 1:30:30]} Nc8 {[%clk
1:30:30]} 12. Be2 {[%clk 1:30:30]} h6 {[%clk 1:30:30]} 13. O-O {[%clk 1:30:30]}
f5 {[%clk 1:30:30]} 14. dxe5 {[%clk 1:30:30]} dxe5 {[%clk 1:30:30]} 15. Qxd8
{[%clk 1:30:30]} Rxd8 {[%clk 1:30:30]} 16. Rfd1 {[%clk 1:30:30]} Re8 {[%clk
1:30:30]} 17. Nd5 {[%clk 1:30:30]} Na6 {[%clk 1:30:30]} 18. c5 {[%clk 1:30:30]}
Bxd5 {[%clk 1:30:30]} 19. Rxd5 {[%clk 1:30:30]} Nb4 {[%clk 1:30:30]} 20. Rd7
{[%clk 1:30:30]} Re7 {[%clk 1:30:30]} 21. Bc4+ {[%clk 1:30:30]} Kh7 {[%clk
1:30:30]} 22. Rcd1 {[%clk 1:30:30]} f4 {[%clk 1:30:30]} 23. Bc1 {[%clk 1:30:30]}
Nc6 {[%clk 1:30:30]} 24. a3 {[%clk 1:30:30]} a6 {[%clk 1:30:30]} 25. Bb2 {[%clk
1:30:30]} b5 {[%clk 1:30:30]} 26. cxb6 {[%clk 1:30:30]} Rxd7 {[%clk 1:30:30]} 27.
Rxd7 {[%clk 1:30:30]} Nxb6 {[%clk 1:30:30]} 28. Rc7 {[%clk 1:30:30]} Rc8 {[%clk
1:30:30]} 29. Rxc8 {[%clk 1:30:30]} Nxc8 {[%clk 1:30:30]} 30. Bxa6 {[%clk
1:30:30]} Nd6 {[%clk 1:30:30]} 31. b4 {[%clk 1:30:30]} e4 {[%clk 1:30:30]} 32.
Bxg7 {[%clk 1:30:30]} Kxg7 {[%clk 1:30:30]} 33. Ne1 {[%clk 1:30:30]} Kf6 {[%clk
1:30:30]} 34. Kf1 {[%clk 1:30:30]} Nd4 {[%clk 1:30:30]} 35. Be2 {[%clk 1:30:30]}
Ke5 {[%clk 1:30:30]} 36. a4 {[%clk 1:30:30]} Kd5 {[%clk 1:30:30]} 37. h4 {[%clk
1:30:30]} N6f5 {[%clk 1:30:30]} 38. h5 {[%clk 1:30:30]} gxh5 {[%clk 1:30:30]} 39.
Bxh5 {[%clk 1:30:30]} Kc4 {[%clk 1:30:30]} 40. b5 {[%clk 1:30:30]} Kb4 {[%clk
1:30:30]} 41. Bd1 {[%clk 1:30:30]} Ka5 {[%clk 1:30:30]} 42. Nc2 {[%clk 1:30:30]}
Nb3 {[%clk 1:30:30]} 43. Ke1 {[%clk 1:30:30]} Nc5 {[%clk 1:30:30]} 44. Bg4 {[%clk
1:30:30]} Nd6 {[%clk 1:30:30]} 45. Kd2 {[%clk 1:30:30]} Kxa4 {[%clk 1:30:30]} 46.
Nd4 {[%clk 1:30:30]} Kb4 {[%clk 1:30:30]} 47. Be2 $11 {[%clk 1:30:30]} 1/2-1/2

[Event "Irena Warakomska Memorial B"]
[Site "chessmanager.com"]
[Date "2018.08.05"]
[Round "6"]
[White "Szewczyk, Mariusz"]
[Black "Duda, Lukasz"]
[Result "1-0"]
[Board "13"]
[WhiteElo "2094"]
[WhiteCountry "POL"]
[WhiteFideId "1147579"]
[WhiteEloChange "13"]
[BlackElo "2201"]
[BlackCountry "POL"]
[BlackFideId "1119699"]
[BlackEloChange "-13"]

1. e4 {[%clk 1:30:30]} e5 {[%clk 1:30:30]} 2. Nf3 {[%clk 1:30:30]} Nc6 {[%clk
1:30:30]} 3. Bc4 {[%clk 1:30:30]} Bc5 {[%clk 1:30:30]} 4. c3 {[%clk 1:30:30]} Nf6
{[%clk 1:30:30]} 5. d4 {[%clk 1:30:30]} exd4 {[%clk 1:30:30]} 6. e5 {[%clk
1:30:30]} d5 {[%clk 1:30:30]} 7. Bb5 {[%clk 1:30:30]} Ne4 {[%clk 1:30:30]} 8.
cxd4 {[%clk 1:30:30]} Bb6 {[%clk 1:30:30]} 9. Be3 {[%clk 1:30:30]} O-O {[%clk
1:30:30]} 10. Nc3 {[%clk 1:30:30]} Bg4 {[%clk 1:30:30]} 11. Be2 {[%clk 1:30:30]}
f6 {[%clk 1:30:30]} 12. exf6 {[%clk 1:30:30]} Nxf6 {[%clk 1:30:30]} 13. O-O
{[%clk 1:30:30]} Qd6 {[%clk 1:30:30]} 14. h3 {[%clk 1:30:30]} Bh5 {[%clk
1:30:30]} 15. a3 {[%clk 1:30:30]} Rae8 {[%clk 1:30:30]} 16. Rc1 {[%clk 1:30:30]}
Kh8 {[%clk 1:30:30]} 17. b4 {[%clk 1:30:30]} Ne4 {[%clk 1:30:30]} 18. Ng5 {[%clk
1:30:30]} Bg6 {[%clk 1:30:30]} 19. Ngxe4 {[%clk 1:30:30]} dxe4 {[%clk 1:30:30]}
20. d5 {[%clk 1:30:30]} Bxe3 {[%clk 1:30:30]} 21. fxe3 {[%clk 1:30:30]} Ne5
{[%clk 1:30:30]} 22. Rxf8+ {[%clk 1:30:30]} Rxf8 {[%clk 1:30:30]} 23. Nb5 {[%clk
1:30:30]} Qd8 {[%clk 1:30:30]} 24. Qd4 {[%clk 1:30:30]} Qg5 {[%clk 1:30:30]} 25.
Rxc7 {[%clk 1:30:30]} Qg3 {[%clk 1:30:30]} 26. Nd6 {[%clk 1:30:30]} h6 {[%clk
1:30:30]} 27. Nxe4 {[%clk 1:30:30]} Bxe4 {[%clk 1:30:30]} 28. Qxe4 {[%clk
1:30:30]} Nf3+ {[%clk 1:30:30]} 29. Bxf3 {[%clk 1:30:30]} Qxc7 {[%clk 1:30:30]}
30. Qd3 {[%clk 1:30:30]} Qd6 {[%clk 1:30:30]} 31. Bd1 {[%clk 1:30:30]} g6 {[%clk
1:30:30]} 32. Qd4+ {[%clk 1:30:30]} Kg8 {[%clk 1:30:30]} 33. Bg4 {[%clk 1:30:30]}
Re8 {[%clk 1:30:30]} 34. Be6+ {[%clk 1:30:30]} Kh7 {[%clk 1:30:30]} 35. Qxa7
{[%clk 1:30:30]} Qc7 {[%clk 1:30:30]} 36. Qd4 {[%clk 1:30:30]} Qd6 {[%clk
1:30:30]} 37. a4 {[%clk 1:30:30]} Ra8 {[%clk 1:30:30]} 38. a5 {[%clk 1:30:30]}
Re8 {[%clk 1:30:30]} 39. Qf6 {[%clk 1:30:30]} Qc7 {[%clk 1:30:30]} 40. d6 {[%clk
1:30:30]} Qb8 {[%clk 1:30:30]} 41. Qf7+ {[%clk 1:30:30]} Kh8 {[%clk 1:30:30]} 42.
Qxg6 {[%clk 1:30:30]} 1-0